La prueba de reconocimiento judicial

Detalles Bibliográficos
Otros Autores: Abel Lluch, Xavier (Conductor)
Formato: eBook
Lenguaje:español
Publicado: Barcelona : Bosch Editor, 2012.
Colección:Estudios prc̀ticos sobre los medios de prueba.
Acceso en línea:Acceso restringido

MARC

LEADER 00000nam a2200000 a 4500
005 20120725154458.0
007 cr cn|||||||||
008 201206r2012 sp |||||s|||||||||||spa d
020 |a 9788476989906 
035 |a 6395 
040 |a FlNmELB  |c FlNmELB  |d BUS  |d vLex 
080 |a 34 
082 0 4 |a 347.06  |2 22 
090 |c 3327  |d 3327 
245 0 3 |a La prueba de reconocimiento judicial  |h [Recurso electrn̤ico] /  |c Xavier Abel Lluch, director. 
256 |a Servicio en ln̕ea. 
260 |a Barcelona :  |b Bosch Editor,  |c 2012. 
300 |a 1 recurso electrn̤ico 
490 0 |a Estudios prc̀ticos sobre los medios de prueba. 
506 1 |a Contenido solo disponible en los productos indicados  |d vLex Global   |d vLex Global (Academic Edition, excluding Law Schools)   |d vLex Global (U.S. Academic Edition, Law Schools)   |d vLex Global (U.S. Academic Edition, excluding Law Schools)   |d vLex Global (Academic Edition, Law Schools)  
700 1 |a Abel Lluch, Xavier,   |e dir. 
740 0 |a vLex Libros (Servicio en ln̕ea) 
856 4 0 |u http://vlex.com/source/prueba-reconocimiento-judicial-6395  |z Acceso restringido 
942 |c BOOK